000 00500nam a2200205Ia 4500
003 OSt
005 20230125143628.0
008 210210b1922 xxu||||| |||| 00| 0 eng d
040 _cAL
041 _aEnglish
082 _a110/40
100 _aDASGUPTA (Surendranath)
_969864
245 _aHistory of Indian Philosophy. Vol.1
260 _aLondon
_bCambridge University Press
_c1922
300 _a528
440 _a1
_969865
690 _aPhilosophy
_969866
906 _a000834
942 _2ddc
_cBK
999 _c77349
_d77349